000 00717nam a2200265Ia 4500
001 26922
005 20240114000943.0
007 ta
008 060518s1928 g b000 u 465 u
040 _aCotton College,Assam
041 _a465
082 _a136.37
_bOa 4 St
100 _aOakeley, Hilda D. .
245 0 _aA Study in the Philosophy of Persionality /
_cHilda D.Oakeley.
_hTextual Documents
250 _a1st ed. /
260 _aLondon :
_bWilliams & Norgate ,
_c1928.
300 _a192p. ;
_c19cm.
504 _aIndex
653 _aPhilosophy-Persionality
653 _aPersionality-Philosophy
653 _aG-Philosophy
942 _2ddc
_cBK
999 _c26904
_d26904